[Event "Mittelfranken Landesliga Nord 2223"]
[Site "Mittelfranken"]
[Date "2023.02.05"]
[Round "6.6"]
[White "Luessmann, Thomas"]
[Black "Eckert, Leo"]
[Result "1-0"]
[WhiteElo "2044"]
[BlackElo "1874"]
[PlyCount "76"]
[EventDate "2022.10.09"]
[EventType "team-tourn"]
[EventRounds "9"]
[EventCountry "GER"]
[SourceTitle "EXT 2024"]
[Source "ChessBase"]
[SourceDate "2023.10.10"]
[SourceVersion "1"]
[SourceVersionDate "2023.10.10"]
[SourceQuality "1"]
[WhiteTeam "Erlangen II"]
[BlackTeam "Kitzingen"]
[WhiteTeamCountry "GER"]
[BlackTeamCountry "GER"]

1. d4 Nf6 2. Bf4 g6 3. e3 Bg7 4. Nf3 b6 5. h3 Bb7 6. Be2 d6 7. 0-0 Nbd7 8. a4 a5 9. Na3 0-0 10. Bh2 Ne4 11. c3 e5 12. Nc4 Ng5 13. dxe5 Nxf3+ 14. Bxf3 Bxf3 15. Qxf3 Nxe5 16. Nxe5 Bxe5 17. Bxe5 dxe5 18. Rfd1 Qe7 19. Rd5 Rad8 20. Rad1 Rxd5 21. Qxd5 h5 22. Qb5 Qe6 23. Qd7 Qc4 24. Rd2 f6 25. b3 Qf7 26. Qc6 Re8 27. c4 Re6 28. Rd8+ Kh7 29. Qa8 Re7 30. Qc8 Kg7 31. Kf1 Kh7 32. Rf8 Qg7 33. Ke2 Rf7 34. Rd8 Re7 35. e4 Qf7 36. Kd3 Kh6 37. h4 Qe6 38. Rh8+ Kg7 1-0

[Event "Mittelfrank Regionalliga Nord-West 2122"]
[Site "Mittelfranken"]
[Date "2022.06.26"]
[Round "3.7"]
[White "Eckert, Leo"]
[Black "Krisin, Joachim"]
[Result "1-0"]
[WhiteElo "1896"]
[BlackElo "1770"]
[PlyCount "61"]
[EventDate "2021.10.24"]
[EventType "team-tourn"]
[EventRounds "9"]
[EventCountry "GER"]
[SourceTitle "EXT 2024"]
[Source "ChessBase"]
[SourceDate "2023.10.10"]
[SourceVersion "1"]
[SourceVersionDate "2023.10.10"]
[SourceQuality "1"]
[WhiteTeam "Kitzingen"]
[BlackTeam "Bamberg II"]
[WhiteTeamCountry "GER"]
[BlackTeamCountry "GER"]

1. d4 Nf6 2. c4 e6 3. Nc3 Bb4 4. e3 0-0 5. Nf3 b6 6. Bd3 Bb7 7. Qc2 Bxc3+ 8. bxc3 d6 9. e4 Nbd7 10. 0-0 e5 11. Ba3 c5 12. Rae1 Nh5 13. Bc1 h6 14. d5 Re8 15. g3 Nf8 16. Nh4 Bc8 17. Nf5 Bxf5 18. exf5 Nh7 19. Qd1 N5f6 20. f3 Kh8 21. h4 Nh5 22. Kf2 Qf6 23. Be4 g6 24. Qd3 g5 25. hxg5 Nxg5 26. Rh1 Nxe4+ 27. fxe4 Nf4 28. gxf4 Rg8 29. fxe5 Qxe5 30. Bxh6 Qe8 31. Bf8# 1-0

[Event "Mittelfrank Regionalliga Nord-West 2122"]
[Site "Mittelfranken"]
[Date "2022.03.20"]
[Round "4.5"]
[White "Eckert, Leo"]
[Black "Chen, Jiuli"]
[Result "1-0"]
[WhiteElo "1896"]
[BlackElo "1829"]
[PlyCount "109"]
[EventDate "2021.10.24"]
[EventType "team-tourn"]
[EventRounds "9"]
[EventCountry "GER"]
[SourceTitle "EXT 2024"]
[Source "ChessBase"]
[SourceDate "2023.10.10"]
[SourceVersion "1"]
[SourceVersionDate "2023.10.10"]
[SourceQuality "1"]
[WhiteTeam "Kitzingen"]
[BlackTeam "Wuerzburg II"]
[WhiteTeamCountry "GER"]
[BlackTeamCountry "GER"]

1. d4 c6 2. Nf3 Nf6 3. c4 g6 4. Nc3 Bg7 5. e4 d6 6. g3 0-0 7. Bg2 Bg4 8. Be3 Qa5 9. 0-0 Rd8 10. a3 Nfd7 11. h3 Bxf3 12. Bxf3 h6 13. b4 Qc7 14. Qb3 Nf8 15. Kg2 Nbd7 16. Rfd1 Rac8 17. Bg4 h5 18. Be2 a6 19. Rac1 Qb8 20. a4 c5 21. bxc5 dxc5 22. d5 Qc7 23. d6 exd6 24. Nd5 Qb8 25. Ne7+ Kh7 26. Nxc8 Rxc8 27. Qd3 Rc6 28. f4 Ne6 29. Bf3 Rb6 30. a5 Rb2+ 31. Rd2 Rxd2+ 32. Bxd2 Qc7 33. Rb1 Nd4 34. Bd1 Nb8 35. g4 hxg4 36. hxg4 Nbc6 37. Rb6 Qe7 38. Ba4 Nd8 39. Rb1 Kg8 40. Rh1 Qe6 41. Kg3 f5 42. exf5 gxf5 43. Re1 Qg6 44. Bd1 N8e6 45. g5 Nxg5 46. Kf2 Ne4+ 47. Rxe4 fxe4 48. Qh3 Nf5 49. Bg4 Bd4+ 50. Ke2 Ng7 51. Bc8 Qf7 52. Qb3 Nf5 53. Bxb7 Qh5+ 54. Kf1 Qd1+ 55. Qxd1 1-0

[Event "Landesliga Nord 1819"]
[Site "Bayern"]
[Date "2018.11.11"]
[Round "2.7"]
[White "Oechslein, Rainer"]
[Black "Eckert, Leo"]
[Result "1/2-1/2"]
[WhiteElo "2124"]
[BlackElo "1851"]
[PlyCount "58"]
[EventDate "2018.10.21"]
[EventType "team-tourn"]
[EventRounds "9"]
[EventCountry "GER"]
[SourceTitle "EXT 2022"]
[Source "ChessBase"]
[SourceDate "2021.10.06"]
[SourceVersion "1"]
[SourceVersionDate "2021.10.06"]
[SourceQuality "1"]
[WhiteTeam "Schweinfurt"]
[BlackTeam "Kitzingen SC"]
[WhiteTeamCountry "GER"]
[BlackTeamCountry "GER"]

1. d4 Nf6 2. Nc3 g6 3. e4 d6 4. f3 Bg7 5. Be3 0-0 6. Qd2 e5 7. Nge2 Nc6 8. 0-0-0 exd4 9. Nxd4 Nxd4 10. Bxd4 Be6 11. g4 Nd7 12. Bxg7 Kxg7 13. h4 h6 14. g5 Rh8 15. Be2 hxg5 16. hxg5 Qe7 17. f4 Rxh1 18. Rxh1 Rh8 19. Rf1 f6 20. f5 gxf5 21. exf5 Bg8 22. Bf3 b6 23. Ne4 Kf8 24. gxf6 Nxf6 25. Ng5 Qe5 26. Re1 Qxf5 27. Qe3 Qe5 28. Qxe5 dxe5 29. Rxe5 Rh2 1/2-1/2

[Event "Regionalliga Nord-West 1718"]
[Site "Bayern"]
[Date "2018.02.04"]
[Round "6.8"]
[White "Elbert, Thomas"]
[Black "Eckert, Leo"]
[Result "1/2-1/2"]
[WhiteElo "1758"]
[BlackElo "1852"]
[PlyCount "102"]
[EventDate "2017.10.22"]
[EventType "team-tourn"]
[EventRounds "9"]
[EventCountry "GER"]
[SourceTitle "EXT 2022"]
[Source "ChessBase"]
[SourceDate "2021.10.06"]
[SourceVersion "1"]
[SourceVersionDate "2021.10.06"]
[SourceQuality "1"]
[WhiteTeam "Sailauf"]
[BlackTeam "Kitzingen SC"]
[WhiteTeamCountry "GER"]
[BlackTeamCountry "GER"]

1. d4 Nf6 2. Nf3 e6 3. Bg5 Be7 4. e3 c5 5. Be2 Qb6 6. Qc1 Nc6 7. c3 h6 8. Bh4 g5 9. Bg3 Ne4 10. dxc5 Qxc5 11. Nbd2 f5 12. Nxe4 fxe4 13. Nd4 Nxd4 14. Bh5+ Kf8 15. exd4 Qf5 16. Qd1 Rg8 17. h3 b6 18. 0-0 Ba6 19. Re1 Kg7 20. Re3 Rgf8 21. Qe1 Bb7 22. Qe2 Rac8 23. Rf1 Qa5 24. Qg4 Qf5 25. Be5+ Bf6 26. Bxf6+ Rxf6 27. Qg3 Qf4 28. Be2 Kg6 29. Qg4 Qxg4 30. hxg4 Rf4 31. g3 Rf7 32. b3 d5 33. Kg2 Rfc7 34. Rc1 Kf6 35. f3 e5 36. dxe5+ Kxe5 37. fxe4 d4 38. cxd4+ Kxd4 39. Rxc7 Rxc7 40. Rd3+ Kxe4 41. Kf2 Rc2 42. Re3+ Kd4 43. Rd3+ Kc5 44. a3 a5 45. Rd7 Bc6 46. Rc7 Kd6 47. Rc8 Kd7 48. Rb8 Bb5 49. Rb7+ Kc8 50. Re7 Kd8 51. Re5 Ba6 1/2-1/2

[Event "Landesliga Nord 1617"]
[Site "Bayern"]
[Date "2017.02.19"]
[Round "6.7"]
[White "Eckert, Leo"]
[Black "Braun, Kristin"]
[Result "0-1"]
[WhiteElo "1888"]
[BlackElo "1762"]
[PlyCount "88"]
[EventDate "2016.10.16"]
[EventType "team-tourn"]
[EventRounds "9"]
[EventCountry "GER"]
[SourceTitle "EXT 2019"]
[Source "ChessBase"]
[SourceDate "2018.10.10"]
[SourceVersion "1"]
[SourceVersionDate "2018.10.10"]
[SourceQuality "1"]
[WhiteTeam "Kitzingen"]
[BlackTeam "Forchheim II"]
[WhiteTeamCountry "GER"]
[BlackTeamCountry "GER"]

1. d4 Nf6 2. Nf3 g6 3. Nc3 d5 4. Bf4 Bg7 5. e3 0-0 6. h3 c6 7. Be2 b6 8. 0-0 Bb7 9. Qd2 c5 10. dxc5 bxc5 11. Rfd1 a6 12. Rac1 e6 13. Na4 Ne4 14. Qe1 Bc6 15. Nc3 Nxc3 16. bxc3 Qa5 17. c4 Bc3 18. Qf1 Nd7 19. cxd5 exd5 20. h4 Nf6 21. Ne5 Ba4 22. g4 Bd2 23. Rxd2 Qxd2 24. g5 Ne4 25. Ng4 Nc3 26. Nf6+ Kh8 27. Bd3 Rfe8 28. Nxe8 Rxe8 29. Qe1 Qxe1+ 30. Rxe1 Bb5 31. Bd6 c4 32. Bf1 Nxa2 33. Bc5 Kg8 34. Bg2 Nc3 35. f3 Ba4 36. Kf2 Bxc2 37. Bd4 Nb5 38. Bf6 a5 39. Ke2 d4 40. Bxd4 Nxd4+ 41. Kd2 Nf5 42. Kxc2 Rxe3 43. Rd1 Re2+ 44. Rd2 Ne3+ 0-1

[Event "Landesliga Nord 1516"]
[Site "Bayern"]
[Date "2016.01.31"]
[Round "6.5"]
[White "Eckert, Leo"]
[Black "Mittag, Ralf"]
[Result "0-1"]
[WhiteElo "1888"]
[BlackElo "2101"]
[PlyCount "78"]
[EventDate "2015.10.11"]
[EventType "team-tourn"]
[EventRounds "9"]
[EventCountry "GER"]
[SourceTitle "EXT 2018"]
[Source "ChessBase"]
[SourceDate "2017.10.13"]
[SourceVersion "1"]
[SourceVersionDate "2017.10.13"]
[SourceQuality "1"]
[WhiteTeam "Kitzingen"]
[BlackTeam "Bamberg SC"]
[WhiteTeamCountry "GER"]
[BlackTeamCountry "GER"]

1. d4 d5 2. Nf3 Nf6 3. Bf4 c5 4. e3 Qb6 5. b3 Nc6 6. c3 Bg4 7. Bd3 e6 8. Nbd2 Be7 9. 0-0 0-0 10. Rc1 Rac8 11. Qe2 cxd4 12. exd4 Ba3 13. Rc2 a5 14. Qe3 Rfe8 15. Ne5 Bh5 16. Ndf3 Bf8 17. Nxc6 bxc6 18. Ne5 c5 19. Rfc1 a4 20. bxa4 c4 21. Be2 Bxe2 22. Qxe2 Qa5 23. f3 Qxa4 24. Rb1 Ba3 25. Bc1 Rb8 26. Rxb8 Rxb8 27. Bxa3 Qxa3 28. Kf2 Rb1 29. g3 h5 30. Qd2 Kf8 31. Kg2 Kg8 32. Kf2 Ne8 33. Nc6 Nd6 34. Nb4 Nb5 35. Kg2 Nxc3 36. Nc6 Nd1 37. Ne5 Ne3+ 38. Kh3 Nxc2 39. Qxc2 Rb2 0-1

[Event "Landesliga Nord 1516"]
[Site "Bayern"]
[Date "2015.10.25"]
[Round "2.8"]
[White "Birkholz, Olga"]
[Black "Eckert, Leo"]
[Result "1-0"]
[WhiteElo "2036"]
[BlackElo "1888"]
[PlyCount "75"]
[EventDate "2015.10.11"]
[EventType "team-tourn"]
[EventRounds "9"]
[EventCountry "GER"]
[SourceTitle "EXT 2018"]
[Source "ChessBase"]
[SourceDate "2017.10.13"]
[SourceVersion "1"]
[SourceVersionDate "2017.10.13"]
[SourceQuality "1"]
[WhiteTeam "Bindlach Aktionaer II"]
[BlackTeam "Kitzingen"]
[WhiteTeamCountry "GER"]
[BlackTeamCountry "GER"]

1. e4 c5 2. f4 d5 3. exd5 Nf6 4. c4 e6 5. dxe6 Bxe6 6. Nf3 Nc6 7. d3 Qc7 8. Nc3 0-0-0 9. Bd2 Bf5 10. Be2 Bxd3 11. Bxd3 Rxd3 12. 0-0 Be7 13. Qe2 Rdd8 14. Nb5 Qd7 15. Rad1 Rhe8 16. Ba5 Nd4 17. Nbxd4 cxd4 18. Bxd8 Bxd8 19. Ne5 Qe7 20. Qd3 Bb6 21. c5 Bxc5 22. Rc1 Kb8 23. Qb5 Bb6 24. Kh1 Ne4 25. Nd7+ Ka8 26. Nxb6+ axb6 27. Qa4+ Kb8 28. Qxd4 Qh4 29. Kg1 f5 30. Qxb6 Qe7 31. Rf3 Qd8 32. Rb3 Qxb6+ 33. Rxb6 Ka7 34. Rb5 g6 35. Rc7 Rd8 36. Rbxb7+ Ka6 37. Rd7 Rc8 38. Rbc7 1-0

[Event "Landesliga Nord 1213"]
[Site "Bayern"]
[Date "2012.11.25"]
[Round "3.6"]
[White "Bunk, Karsten"]
[Black "Eckert, Leo"]
[Result "1/2-1/2"]
[WhiteElo "2028"]
[BlackElo "1941"]
[PlyCount "88"]
[EventDate "2012.10.14"]
[EventType "team-tourn"]
[EventRounds "9"]
[EventCountry "GER"]
[SourceTitle "EXT 2015"]
[Source "ChessBase"]
[SourceDate "2014.11.20"]
[SourceVersion "1"]
[SourceVersionDate "2014.11.20"]
[SourceQuality "1"]
[WhiteTeam "Nuernberg Sued SW"]
[BlackTeam "Kitzingen"]
[WhiteTeamCountry "GER"]
[BlackTeamCountry "GER"]

1. c4 Nf6 2. g3 d5 3. cxd5 Nxd5 4. Bg2 e5 5. Nc3 Be6 6. Nf3 Nc6 7. 0-0 Be7 8. d3 0-0 9. Bd2 Qd7 10. Re1 Rfd8 11. a3 a5 12. Rc1 Rac8 13. Ne4 f6 14. Qa4 Nb6 15. Qb5 Qd5 16. Nc5 Bxc5 17. Rxc5 Qa2 18. Rec1 a4 19. Be3 Qb3 20. Qxb3 axb3 21. Nd2 Nd5 22. Rb5 Rb8 23. Nxb3 Nxe3 24. fxe3 Na7 25. Rb4 Bxb3 26. Rxb3 c6 27. a4 Kf8 28. Rc4 Ke7 29. h4 Kd6 30. d4 Re8 31. Kf2 e4 32. Rc1 h5 33. Rbc3 f5 34. b4 Nc8 35. a5 Ne7 36. Rc5 b6 37. Re5 Rf8 38. b5 bxa5 39. bxc6 Nxc6 40. Rec5 Rbc8 41. Rb1 Rb8 42. Rxb8 Nxb8 43. Rxa5 Nc6 44. Rb5 g6 1/2-1/2

[Event "Regionalliga NW 1112"]
[Site "Bayern"]
[Date "2012.03.18"]
[Round "8.8"]
[White "Boelle, Boris"]
[Black "Eckert, Leo"]
[Result "0-1"]
[WhiteElo "1888"]
[BlackElo "1910"]
[PlyCount "124"]
[EventDate "2011.10.02"]
[EventType "team-tourn"]
[EventRounds "9"]
[EventCountry "GER"]
[SourceTitle "EXT 2015"]
[Source "ChessBase"]
[SourceDate "2014.11.20"]
[SourceVersion "1"]
[SourceVersionDate "2014.11.20"]
[SourceQuality "1"]
[WhiteTeam "Hof"]
[BlackTeam "Kitzingen"]
[WhiteTeamCountry "GER"]
[BlackTeamCountry "GER"]

1. d4 Nf6 2. c4 e6 3. Nf3 d5 4. Nc3 Be7 5. cxd5 exd5 6. Bg5 c6 7. e3 Bf5 8. Bd3 Bxd3 9. Qxd3 Nbd7 10. 0-0 0-0 11. a3 a5 12. Rac1 Re8 13. Na4 Ne4 14. Bf4 g5 15. Bg3 h5 16. h3 Nxg3 17. fxg3 Bf6 18. Nc5 Nxc5 19. Rxc5 Qe7 20. Rc3 Qe4 21. Qd1 Kg7 22. Nd2 Qg6 23. g4 h4 24. Rf5 Re6 25. Qf3 Rae8 26. Nf1 Bd8 27. b4 axb4 28. axb4 Rf6 29. Rxf6 Qxf6 30. Qxf6+ Kxf6 31. b5 cxb5 32. Rc5 Ke6 33. Rxb5 b6 34. Kf2 Kd6 35. Kf3 Kc6 36. Rb2 Be7 37. Nd2 b5 38. e4 dxe4+ 39. Nxe4 b4 40. Nd2 Kd5 41. Ke3 Ra8 42. Kd3 Ra3+ 43. Nb3 Bf6 44. Kc2 Bxd4 45. Nxd4 Kxd4 46. Rxb4+ Ke5 47. Rb5+ Kf4 48. Rf5+ Kg3 49. Rxg5 Kxg2 50. Rf5 Rf3 51. Rxf3 Kxf3 52. Kd3 Kg3 53. Ke3 Kxh3 54. Kf3 f6 55. Kf4 Kg2 56. Kf5 h3 57. Kxf6 h2 58. g5 h1Q 59. g6 Qh4+ 60. Kf7 Qf4+ 61. Ke7 Qg5+ 62. Kf7 Qf5+ 0-1

[Event "Landesliga Nord 0910"]
[Site "Bayern"]
[Date "2010.04.11"]
[Round "9.8"]
[White "Eckert, Leo"]
[Black "Stoessel, Horst"]
[Result "1/2-1/2"]
[WhiteElo "1881"]
[BlackElo "2046"]
[PlyCount "25"]
[EventDate "2009.10.18"]
[EventType "team-tourn"]
[EventRounds "9"]
[EventCountry "GER"]
[SourceTitle "EXT 2011"]
[Source "ChessBase"]
[SourceDate "2010.11.26"]
[SourceVersion "1"]
[SourceVersionDate "2010.11.26"]
[SourceQuality "1"]
[WhiteTeam "Kitzingen"]
[BlackTeam "Nuernberg Sued SW"]
[WhiteTeamCountry "GER"]
[BlackTeamCountry "GER"]

1. d4 Nf6 2. Nf3 g6 3. c4 Bg7 4. Nc3 d6 5. e4 0-0 6. Be2 Nbd7 7. Bg5 h6 8. Bh4 e5 9. dxe5 dxe5 10. a3 Re8 11. Qc2 c6 12. 0-0 Qc7 13. Rfd1 1/2-1/2

[Event "Regionalliga NW 0809"]
[Site "Bayern"]
[Date "2009.03.01"]
[Round "7.8"]
[White "Stumpf, Hilmar"]
[Black "Eckert, Leo"]
[Result "0-1"]
[WhiteElo "1866"]
[BlackElo "1871"]
[PlyCount "106"]
[EventDate "2008.10.05"]
[EventType "team-tourn"]
[EventRounds "9"]
[EventCountry "GER"]
[SourceTitle "EXT 2020"]
[Source "ChessBase"]
[SourceDate "2019.10.17"]
[SourceVersion "1"]
[SourceVersionDate "2019.10.17"]
[SourceQuality "1"]
[WhiteTeam "Nordhalben"]
[BlackTeam "Kitzingen"]
[WhiteTeamCountry "GER"]
[BlackTeamCountry "GER"]

1. d4 Nf6 2. c4 e6 3. e3 d5 4. Nf3 c6 5. a3 Bd6 6. Be2 0-0 7. Nc3 Nbd7 8. Qb3 Qe7 9. 0-0 dxc4 10. Bxc4 b5 11. Be2 a6 12. Qc2 c5 13. Ng5 Bb7 14. f4 Rac8 15. Qd3 cxd4 16. exd4 Nb6 17. Bf3 Rfd8 18. Nce4 Bxe4 19. Bxe4 Nxe4 20. Qxe4 g6 21. Bd2 Nc4 22. Bc3 Bb8 23. Kh1 Rd5 24. g3 Ba7 25. Rfe1 Qd7 26. Nf3 Nd6 27. Qe2 Nf5 28. Ne5 Qb7 29. Qe4 Nd6 30. Qf3 Bxd4 31. Ng4 Bxc3 32. bxc3 Rd3 33. Qxb7 Nxb7 34. a4 Rdxc3 35. axb5 axb5 36. Rab1 Nd6 37. Red1 R8c6 38. Ne5 Ra6 39. Rb2 f6 40. Ng4 Kf7 41. Nf2 e5 42. Rbd2 Ke6 43. Rxd6+ Rxd6 44. Rxd6+ Kxd6 45. Ne4+ Kd5 46. Nxc3+ Kc4 47. Nb1 b4 48. Nd2+ Kd3 49. Nb3 e4 50. Kg1 Kc3 51. Nc5 f5 52. h3 h5 53. Kf2 b3 0-1

[Event "Regionalliga NW 0809"]
[Site "Bayern"]
[Date "2008.12.14"]
[Round "4.8"]
[White "Eckert, Leo"]
[Black "Wuest, Michael"]
[Result "1/2-1/2"]
[WhiteElo "1871"]
[BlackElo "1880"]
[PlyCount "76"]
[EventDate "2008.10.05"]
[EventType "team-tourn"]
[EventRounds "9"]
[EventCountry "GER"]
[SourceTitle "EXT 2020"]
[Source "ChessBase"]
[SourceDate "2019.10.17"]
[SourceVersion "1"]
[SourceVersionDate "2019.10.17"]
[SourceQuality "1"]
[WhiteTeam "Kitzingen"]
[BlackTeam "Hof"]
[WhiteTeamCountry "GER"]
[BlackTeamCountry "GER"]

1. d4 Nf6 2. c4 g6 3. Nc3 Bg7 4. e4 d6 5. Be2 0-0 6. Nf3 Nbd7 7. 0-0 e5 8. Bg5 h6 9. Bh4 c6 10. d5 c5 11. Ne1 a6 12. a3 Qe8 13. Nd3 Rb8 14. b4 b6 15. f3 Nh7 16. Rb1 f5 17. a4 Bb7 18. bxc5 bxc5 19. a5 g5 20. Be1 f4 21. Qa4 Nhf6 22. Bd2 Qg6 23. Nf2 h5 24. Rb2 Rf7 25. Rfb1 Nf8 26. Qd1 N8h7 27. Rb6 Bf8 28. Rxa6 Bxa6 29. Rxb8 Nd7 30. Ra8 Bb7 31. Ra7 Nb8 32. Qb3 Qg7 33. Nb5 Na6 34. h3 Nf6 35. Bc3 Kh8 36. Kf1 Kg8 37. Kg1 Kh8 38. Kf1 Kg8 1/2-1/2

[Event "Regionalliga NW 0708"]
[Site "Bayern"]
[Date "2007.11.04"]
[Round "2.6"]
[White "Eckert, Leo"]
[Black "Zimlich, Juergen"]
[Result "1-0"]
[WhiteElo "1893"]
[BlackElo "1871"]
[PlyCount "61"]
[EventDate "2007.10.21"]
[EventType "team-tourn"]
[EventRounds "9"]
[EventCountry "GER"]
[SourceTitle "EXT 2009"]
[Source "ChessBase"]
[SourceDate "2008.11.26"]
[SourceVersion "1"]
[SourceVersionDate "2008.11.26"]
[SourceQuality "1"]
[WhiteTeam "Kitzingen"]
[BlackTeam "Sailauf"]
[WhiteTeamCountry "GER"]
[BlackTeamCountry "GER"]

1. d4 d5 2. c4 c6 3. Nf3 e6 4. Qc2 Bd6 5. g3 Nd7 6. Nbd2 Ngf6 7. Bg2 0-0 8. 0-0 Re8 9. b3 c5 10. dxc5 Nxc5 11. Bb2 Nce4 12. Nxe4 Nxe4 13. Rfd1 Bc5 14. e3 b6 15. Ne5 f5 16. cxd5 exd5 17. Nd3 Bf8 18. Qc6 Be6 19. Nf4 Rc8 20. Qb5 Rc5 21. Qd3 Qd7 22. Rac1 Rec8 23. Rxc5 Rxc5 24. b4 Rc4 25. a3 a5 26. bxa5 bxa5 27. Nxe6 Qxe6 28. Qxd5 Qxd5 29. Rxd5 Rc2 30. Rb5 Kf7 31. Rxf5+ 1-0